<?xml version="1.0" encoding="UTF-8"?>
<marc:record xmlns:marc="http://www.loc.gov/MARC21/slim">
   <marc:leader>00000nam a2200000 a 4500</marc:leader>
   <marc:datafield ind1="1" ind2=" " tag="100">
      <marc:subfield code="a">Böschemeyer, Uwe</marc:subfield>
      <marc:subfield code="4">aut</marc:subfield>
      <marc:subfield code="e">Verfasser/-in</marc:subfield>
   </marc:datafield>
   <marc:datafield ind1="0" ind2="0" tag="245">
      <marc:subfield code="a">Begeisterung fürs Leben</marc:subfield>
   </marc:datafield>
   <marc:datafield ind1="0" ind2="0" tag="245">
      <marc:subfield code="b">die Kraft deiner Gedanken</marc:subfield>
   </marc:datafield>
   <marc:datafield ind1="0" ind2="0" tag="245">
      <marc:subfield code="c">Uwe Böschemeyer</marc:subfield>
   </marc:datafield>
   <marc:datafield ind1=" " ind2="1" tag="264">
      <marc:subfield code="a">Hamburg</marc:subfield>
      <marc:subfield code="b">Ellert &amp; Richter</marc:subfield>
      <marc:subfield code="c">2013</marc:subfield>
   </marc:datafield>
   <marc:datafield ind1="1" ind2=" " tag="520">
      <marc:subfield code="a">Angaben aus der Verlagsmeldung

Begeisterung fürs Leben : Die Kraft deiner Gedanken / von Uwe Böschemeyer

Wir „sehen“ nur wenig von dem,
was die Gedanken in uns und anderen
bewegen. Dabei sind Gedanken eine
Großmacht. Sie nehmen Einfluss auf
unsere Gefühle, unsere Entscheidungen
und unser Handeln.
Uwe Böschemeyer zeigt – auch mit Texten zu „Sinn für mein
Leben finden“, „Sich selbst bejahen“, „Die Sprache der
Träume“, „Die Kunst miteinander sprechen zu können“ und
„Allein leben“ – Hilfen auf, die uns befähigen, so gut wie
möglich mit unseren Gedanken umzugehen, negative in positive
zu verwandeln und damit den Sinn in unserem Leben zu
erkennen.
Der Autor ermutigt den Leser, sich den Fragen des Lebens zu
stellen, um wieder Raum für eigene Entscheidungen, für neue Begeisterung zu gewinnen.
</marc:subfield>
   </marc:datafield>
   <marc:datafield ind1=" " ind2=" " tag="020">
      <marc:subfield code="a">9783831905294</marc:subfield>
      <marc:subfield code="9">9783831905294</marc:subfield>
   </marc:datafield>
   <marc:datafield ind1=" " ind2=" " tag="041">
      <marc:subfield code="a">ger</marc:subfield>
   </marc:datafield>
   <marc:datafield ind1=" " ind2=" " tag="300">
      <marc:subfield code="a">160 S.</marc:subfield>
   </marc:datafield>
</marc:record>
